| 000 | 00684nam a2200241 a 4500 | ||
|---|---|---|---|
| 008 | |||
| 020 | _a0240513215 (pbk.) | ||
| 049 | _aMAIN | ||
| 090 | 0 | 0 | _aPN1992.95 |
| 100 | 1 | _aMillerson, Gerald. | |
| 245 | 1 | 0 |
_aVideo production handbook / _cGerald Millerson. |
| 250 | _a2nd ed. | ||
| 260 |
_aOxford : _bFocal Press, _c1992. |
||
| 300 |
_ax, 245 p. : _bill. ; _c25 cm. |
||
| 500 | _aIncludes index. | ||
| 650 | 0 | _aVideo tape recorders. | |
| 650 | 0 |
_aVideo recordings _xProduction and direction. |
|
| 907 |
_a.b10110926 _b05-10-09 _c13-02-04 |
||
| 003 | |||
| 005 | 20230123133626.0 | ||
| 040 | _cNUST | ||
| 942 |
_cBOOKS _kPN1992.95 |
||
| 999 |
_c151852 _d151852 |
||